Months of the year in Welsh - Statistics

General Stats
  • This quiz has been taken 25 times
  • The average score is 10 of 12
Answer Stats
Hint Answer % Correct
Aug Awst
92%
Jan Ionawr
92%
May Mai
92%
Mar Mawrth
92%
Apr Ebrill
83%
Sep Medi
83%
Dec Rhagfyr
83%
Nov Tachwedd
83%
Feb Chwefror
75%
Oct Hydref
75%
Jun Mehefin
75%
Jul Gorffennaf
67%
No matching quizzes found
Score Distribution
Percent of People with Each Score
Percentile by Number Answered
Your Score History
You have not taken this quiz